000 01360nam a2200241Ia 4500
003 Ost
005 20260507075323.0
008 260507s9999||||xx |||||||||||||| ||und||
020 _a52363399579
040 _cfsecg
041 _aara
082 _a330
100 _aالزبيدي، حمزة محمد
_eمؤلف
245 0 _aالتحليل المالي لأغراض تقييم الأداء و التنبؤ بالفشل /
_c حمزة محمد الزبيدي
250 _aطبعة 2 مزيدة و منقحة
260 _aعمان:
_bمؤسسة الوراق للنشر والتوزيع,
_c2011
300 _a360 صفحة؛
_bإيضاحات ؛
_c25 سم
520 _aطبيعة التحليل المالي و بعده الاستراتيجي، ماهية التحليل المالي و الجهات المستفيدة منه ، أساليب التحليل المالي، تقييم الأداء، تقييم الأداءبواسطة كل من تحليل الملاءمة المالية، تحليل الانتاجية، تحليل هيكل رأس المال، تحليل الربحية، تحليل الفيمة (نسبة السوق )، تحليل الرفع، التحليل المالي و التنبؤ بالفشل
653 _aالإدارة المالية
653 _aالتنبؤ
653 _aتقييم الأداء
942 _cكتاب
999 _c43943
_d43943